| 000 | 00511nam a22002297a 4500 | ||
|---|---|---|---|
| 003 | UA-OsUOA | ||
| 001 | 32651 | ||
| 007 | ta | ||
| 008 | 20050208b un ||||| |||| 00| 0 ukr d | ||
| 090 |
_a001 _bН34 |
||
| 942 | _cBK | ||
| 040 |
_aUA-OsUOA _bukr _cUA-OsUOA _dUA-OsUOA |
||
| 245 |
_aНаука і культура _bУкраїна 1967 |
||
| 300 | _a371 с. | ||
| 955 | _a0 | ||
| 041 | _aukr | ||
| 080 | _a001 | ||
| 260 |
_aК. _bЗнання _c1967 |
||
| 044 | _aUA | ||
| 650 | 7 | _2UDC | |
| 999 |
_c319097 _d319097 |
||